Munkaerő és létszámgazdálkodás a Komárom-Esztergom Megyei Rendőr-főkapitányság szervezetén belül

Bibliográfiai részletek
Szerző: Szabó Ágnes
További közreműködők: Németh Dr. Tamás
Dokumentumtípus: Projektmunka
Kulcsszavak:Létszámgazdálkodás
Komárom-Esztegom Megyei Rendőr-főkapitányság
munkaerő
Online Access:http://dolgozattar.uni-bge.hu/9057

MARC

LEADER 00000nnm a2200000 i 4500
001 dolg9057
005 20161215144420.0
008 161215suuuu hu o 000 hun d
040 |a BGE Dolgozattár Repozitórium  |b hun 
041 |a hu 
100 1 |a Szabó Ágnes 
245 1 0 |a Munkaerő és létszámgazdálkodás a Komárom-Esztergom Megyei Rendőr-főkapitányság szervezetén belül  |c Szabó Ágnes  |h [elektronikus dokumentum] 
516 |a Project_work 
695 |a Létszámgazdálkodás 
695 |a Komárom-Esztegom Megyei Rendőr-főkapitányság 
695 |a munkaerő 
700 1 |a Németh Dr. Tamás  |e ths 
856 4 0 |u http://dolgozattar.uni-bge.hu/9057/1/z%C3%A1rodolgozat.pdf  |z Dokumentum-elérés 
856 4 0 |u http://dolgozattar.uni-bge.hu/9057/2/titkos%C3%ADt%C3%A1s.pdf  |z Dokumentum-elérés